[Event "USA-ch"]
[Site "San Diego"]
[Date "2004.11.25"]
[Round "2"]
[White "Burnett, Ronald"]
[Black "Sagalchik, Olga"]
[Result "1-0"]
[WhiteElo "2444"]
[BlackElo "2132"]
[PlyCount "107"]
[EventDate "2004.11.24"]
[EventType "swiss"]
[EventRounds "9"]
[EventCountry "USA"]
[SourceTitle "CBM 105"]
[Source "ChessBase"]
[SourceDate "2005.04.11"]
[SourceVersion "1"]
[SourceVersionDate "2005.04.11"]
[SourceQuality "1"]

1. Nf3 c5 2. c4 d6 3. d4 Nf6 4. Nc3 cxd4 5. Nxd4 g6 6. e4 Bg7 7. Be2 0-0 8. Be3 Nc6 9. Qd2 Re8 10. 0-0 Ng4 11. Bxg4 Bxg4 12. f4 Bd7 13. b3 a6 14. Rad1 Qa5 15. Nd5 Qxd2 16. Rxd2 Rad8 17. Ne2 f5 18. exf5 Bxf5 19. Ng3 e6 20. Nxf5 exf5 21. Bb6 Rc8 22. Kf2 Re4 23. Re1 Rxe1 24. Kxe1 Re8+ 25. Kd1 Kf7 26. Nc7 Rd8 27. Nxa6 Ra8 28. Nc7 Ra3 29. Nb5 Ra6 30. Nxd6+ Ke6 31. Ne8 Rxb6 32. Nxg7+ Kf7 33. Rd7+ Ne7 34. Kc2 Ra6 35. a4 b6 36. h4 h5 37. Kc3 Ra8 38. Kb4 Rg8 39. Kb5 Rxg7 40. Kxb6 Ke6 41. Rd8 g5 42. hxg5 h4 43. Rf8 Kd7 44. a5 Nc8+ 45. Kc5 Nd6 46. a6 Ne4+ 47. Kd5 Nc3+ 48. Ke5 Kc6 49. b4 Ne4 50. Rxf5 Re7+ 51. Kd4 Ng3 52. Rf6+ Kc7 53. b5 Rd7+ 54. Ke3 1-0

[Event "American Continental 02nd"]
[Site "Buenos Aires"]
[Date "2003.08.23"]
[Round "6"]
[White "Lemos, Damian"]
[Black "Sagalchik, Olga"]
[Result "0-1"]
[WhiteElo "2206"]
[BlackElo "2111"]
[PlyCount "74"]
[EventDate "2003.08.17"]
[EventType "swiss"]
[EventRounds "11"]
[EventCountry "ARG"]
[SourceTitle "CBM 097"]
[Source "ChessBase"]
[SourceDate "2003.11.11"]
[SourceVersion "1"]
[SourceVersionDate "2003.11.11"]
[SourceQuality "1"]

1. d4 d5 2. Nf3 Nc6 3. Bf4 Bg4 4. e3 e6 5. c4 Nf6 6. a3 Nh5 7. h3 Bxf3 8. Qxf3 Nxf4 9. Qxf4 e5 10. dxe5 d4 11. Be2 dxe3 12. Qxe3 Nd4 13. Bd1 Bc5 14. 0-0 a5 15. Nd2 Ne6 16. Qe1 0-0 17. Nb3 Bb6 18. Bg4 a4 19. Bxe6 fxe6 20. c5 Ba7 21. Na5 Qd5 22. Qc3 Bxc5 23. Nc4 Bd4 24. Qc2 b5 25. Nd2 Qxe5 26. Nf3 Rxf3 27. gxf3 Qg3+ 28. Kh1 Qxh3+ 29. Kg1 Qg3+ 30. Kh1 Qxf3+ 31. Kg1 Rf8 32. Qxc7 e5 33. Qe7 h6 34. Kh2 Rf5 35. Qe6+ Kh7 36. Qxf5+ Qxf5 37. Rac1 e4 0-1

[Event "USA-ch (Women)"]
[Site "Seattle"]
[Date "2000.10.03"]
[Round "8"]
[White "Groberman, Elina"]
[Black "Sagalchik, Olga"]
[Result "1-0"]
[WhiteElo "2054"]
[BlackElo "2145"]
[PlyCount "73"]
[EventDate "2000.09.25"]
[EventType "tourn"]
[EventRounds "9"]
[EventCountry "USA"]
[SourceTitle "CBM 078 Extra"]
[Source "ChessBase"]
[SourceDate "2000.11.10"]
[SourceVersion "1"]
[SourceVersionDate "2000.11.10"]
[SourceQuality "1"]

1. e4 c5 2. Nf3 e6 3. d4 cxd4 4. Nxd4 a6 5. Nc3 b5 6. Bd3 Bb7 7. 0-0 d6 8. f4 Nf6 9. Qf3 Nbd7 10. Be3 b4 11. Nb1 Be7 12. Nd2 Nc5 13. Kh1 0-0 14. Rae1 Nxd3 15. cxd3 Nd7 16. Qg4 Kh8 17. Rf3 f5 18. exf5 Bxf3 19. Qxf3 Qb8 20. Nc6 Qe8 21. fxe6 Ne5 22. Nxe5 dxe5 23. f5 Qb5 24. Qe4 Rad8 25. Nc4 Rd5 26. Bf2 Bf6 27. g4 Rfd8 28. g5 Bxg5 29. Nxe5 Kg8 30. Nf7 Rxf5 31. Nxd8 Rxf2 32. e7 Qe8 33. Qe6+ Kh8 34. Nf7+ Rxf7 35. Qxf7 Qc6+ 36. Kg1 Qc5+ 37. Kf1 1-0

[Event "USA-ch (Women)"]
[Site "Seattle"]
[Date "2000.10.02"]
[Round "7"]
[White "Burtman, Sharon"]
[Black "Sagalchik, Olga"]
[Result "0-1"]
[WhiteElo "2089"]
[BlackElo "2145"]
[PlyCount "68"]
[EventDate "2000.09.25"]
[EventType "tourn"]
[EventRounds "9"]
[EventCountry "USA"]
[SourceTitle "CBM 078 Extra"]
[Source "ChessBase"]
[SourceDate "2000.11.10"]
[SourceVersion "1"]
[SourceVersionDate "2000.11.10"]
[SourceQuality "1"]

1. d4 d5 2. c4 e5 3. dxe5 d4 4. Nf3 Nc6 5. g3 Be6 6. Nbd2 Bb4 7. Qc2 Nge7 8. Bg2 Bf5 9. Qa4 d3 10. e3 Be4 11. 0-0 Bxd2 12. Bxd2 0-0 13. Bc3 Ng6 14. Rad1 Qe7 15. Ne1 Bxg2 16. Kxg2 Ncxe5 17. Qb3 Rfd8 18. h3 b6 19. Kg1 Qe6 20. Kg2 Nxc4 21. Kg1 Qe4 22. Bd4 d2 23. Ng2 Nce5 24. Bc3 Nf3+ 25. Kh1 c5 26. Qb5 c4 27. Qh5 f5 28. Ra1 Rd5 29. g4 f4 30. Qxd5+ Qxd5 31. exf4 Ne1 32. Raxe1 dxe1Q 33. Rxe1 Nxf4 34. Rg1 Qf3 0-1

[Event "USA-ch (Women)"]
[Site "Seattle"]
[Date "2000.09.26"]
[Round "2"]
[White "Sagalchik, Olga"]
[Black "Gorlin, Yelena"]
[Result "0-1"]
[WhiteElo "2145"]
[BlackElo "2110"]
[PlyCount "66"]
[EventDate "2000.09.25"]
[EventType "tourn"]
[EventRounds "9"]
[EventCountry "USA"]
[SourceTitle "CBM 078 Extra"]
[Source "ChessBase"]
[SourceDate "2000.11.10"]
[SourceVersion "1"]
[SourceVersionDate "2000.11.10"]
[SourceQuality "1"]

1. c4 e6 2. Nc3 Nf6 3. e4 d5 4. e5 d4 5. exf6 dxc3 6. fxg7 cxd2+ 7. Bxd2 Bxg7 8. Qc2 Nc6 9. Nf3 Nd4 10. Nxd4 Bxd4 11. h4 Qf6 12. 0-0-0 Bd7 13. Rh3 e5 14. Rf3 Qxh4 15. Re1 0-0-0 16. Rxf7 Be6 17. g3 Qh5 18. Rf6 Bg4 19. Bg2 Rhf8 20. Rh6 Qf5 21. Qb3 Bf3 22. Bh3 Bg4 23. Bg2 Bf3 24. Bh3 Bg4 25. Bxg4 Qxg4 26. f4 exf4 27. Bxf4 Rxf4 28. Rh4 Bxb2+ 29. Kxb2 Rf2+ 30. Ka3 Qg6 31. Rhe4 Qa6+ 32. Kb4 Rxa2 33. Re5 Qd6+ 0-1

[Event "USA-ch (Women)"]
[Site "Salt Lake City"]
[Date "1999.08.30"]
[Round "8"]
[White "Sagalchik, Olga"]
[Black "Epstein, Esther"]
[Result "1/2-1/2"]
[WhiteElo "2137"]
[BlackElo "2236"]
[PlyCount "122"]
[EventDate "1999.08.05"]
[EventType "tourn"]
[EventRounds "9"]
[EventCountry "USA"]
[SourceTitle "CBM 073 Extra"]
[Source "ChessBase"]
[SourceDate "2000.01.11"]
[SourceVersion "1"]
[SourceVersionDate "2000.01.11"]
[SourceQuality "1"]

1. d4 g6 2. c4 Bg7 3. e4 d6 4. Nc3 Nc6 5. Be3 e5 6. d5 Nce7 7. g4 f5 8. gxf5 gxf5 9. Qh5+ Kf8 10. f4 Nf6 11. Qf3 fxe4 12. Nxe4 Nxe4 13. Qxe4 Bf5 14. Qf3 e4 15. Qf2 c5 16. dxc6 bxc6 17. Qd2 Rb8 18. Bd4 Bxd4 19. Qxd4 Qa5+ 20. Kd1 Rg8 21. Ne2 Qb6 22. b3 c5 23. Qf6+ Ke8 24. Ng3 Rf8 25. Qc3 Bg4+ 26. Be2 Bxe2+ 27. Kxe2 Rxf4 28. Raf1 Ng6 29. Nh5 Rf3 30. Qg7 d5 31. Nf6+ Qxf6 32. Qxf6 Rxf6 33. Rxf6 dxc4 34. bxc4 Rb2+ 35. Ke3 Rxa2 36. Kxe4 Rd2 37. Ra1 Rd4+ 38. Ke3 Rxc4 39. Rxa7 Rh4 40. Rb6 Rh3+ 41. Ke4 Rh4+ 42. Kd5 Ne7+ 43. Kxc5 Rh5+ 44. Kd4 Rxh2 45. Kd3 Rh3+ 46. Ke2 Rh2+ 47. Kf3 Rh3+ 48. Kg4 Re3 49. Rh6 Ng8 50. Rh1 Re7 51. Ra8+ Kf7 52. Kf5 Nf6 53. Rh6 Ne8 54. Rxh7+ Ng7+ 55. Kg5 Rb7 56. Ra5 Rc7 57. Rh6 Ne6+ 58. Kf5 Ng7+ 59. Ke5 Re7+ 60. Kf4 Ne6+ 61. Kg4 Ng7 1/2-1/2

[Event "Internet G7 Worldwide"]
[Site "Internet"]
[Date "1995.??.??"]
[Round "2"]
[White "Sagalchik, Olga"]
[Black "Matveeva, Svetlana"]
[Result "1/2-1/2"]
[WhiteElo "2155"]
[BlackElo "2430"]
[PlyCount "95"]
[EventDate "1995.??.??"]
[EventType "swiss"]
[EventRounds "3"]
[EventCountry "NET"]
[SourceTitle "EXT 2004"]
[Source "ChessBase"]
[SourceDate "2003.11.25"]
[SourceVersion "1"]
[SourceVersionDate "2003.11.25"]
[SourceQuality "1"]

1. d4 e6 2. c4 b6 3. Nc3 Bb7 4. e4 Bb4 5. Bd3 f5 6. d5 fxe4 7. Bxe4 Nf6 8. Bf3 e5 9. Bh5+ g6 10. Be2 Bxc3+ 11. bxc3 0-0 12. Bg5 Qe7 13. Nh3 Na6 14. 0-0 Nc5 15. f3 d6 16. Qc2 Bc8 17. Nf2 Bf5 18. Qd2 Qf7 19. Nd3 Bxd3 20. Bxd3 Nxd3 21. Qxd3 Nd7 22. Qc2 Qf5 23. Qd2 Nc5 24. Be3 Qd3 25. Qxd3 Nxd3 26. Rab1 Rae8 27. Rfd1 Nf4 28. Kf2 e4 29. Rd4 Nd3+ 30. Ke2 Nc5 31. Rf1 Na4 32. Kd2 exf3 33. Rxf3 Rxf3 34. gxf3 Rf8 35. Rf4 Rxf4 36. Bxf4 Kf7 37. Bg5 Ke8 38. Kc2 Nc5 39. Be3 Nd7 40. Bf4 Kf7 41. Bg5 Ne5 42. f4 Nxc4 43. Kd3 b5 44. Bd8 Ke8 45. Bxc7 Ke7 46. Ke4 Nd2+ 47. Kd3 Nf3 48. h3 1/2-1/2

[Event "USA-ch (Women)"]
[Site "USA"]
[Date "1994.??.??"]
[Round "5"]
[White "Sagalchik, Olga"]
[Black "Finegold, Gina Lynne"]
[Result "0-1"]
[WhiteElo "2155"]
[BlackElo "2115"]
[PlyCount "100"]
[EventDate "1994.??.??"]
[EventType "tourn"]
[EventRounds "9"]
[EventCountry "USA"]
[SourceTitle "EXT 1998"]
[Source "ChessBase"]
[SourceDate "1997.11.17"]
[SourceVersion "1"]
[SourceVersionDate "1997.11.17"]
[SourceQuality "1"]

1. d4 d5 2. c4 c6 3. Nc3 Nf6 4. e3 g6 5. Bd3 Bg7 6. Nge2 0-0 7. 0-0 Re8 8. f4 Bf5 9. Ng3 Bxd3 10. Qxd3 e6 11. c5 b6 12. b4 a5 13. Na4 Nbd7 14. b5 bxc5 15. bxc6 c4 16. Qc2 Nb8 17. Bd2 Nxc6 18. Rab1 Bf8 19. Nc3 Bb4 20. h3 h5 21. Nge2 h4 22. Be1 Nh5 23. Qa4 Rc8 24. a3 Be7 25. Rb7 Rc7 26. Rb6 Qa8 27. Bf2 Rb8 28. Rfb1 Rxb6 29. Rxb6 Rc8 30. Kh2 Bd8 31. Rb5 Kg7 32. Ng1 Na7 33. Rb1 Qc6 34. Qxc6 Nxc6 35. Nf3 Be7 36. a4 Bb4 37. Nb5 Nf6 38. Bxh4 Ne4 39. Be1 Bxe1 40. Nxe1 Nb4 41. Rc1 c3 42. Na3 c2 43. Kg1 Nc3 44. Kf2 Nca2 45. Rxc2 Nxc2 46. Nexc2 Nc3 47. g4 Nxa4 48. h4 Rh8 49. Kg3 Rb8 50. g5 Nb2 0-1

[Event "USA-ch (Women)"]
[Site "USA"]
[Date "1994.??.??"]
[Round "1"]
[White "Sagalchik, Olga"]
[Black "Root, Alexey"]
[Result "1-0"]
[WhiteElo "2155"]
[BlackElo "2040"]
[PlyCount "33"]
[EventDate "1994.??.??"]
[EventType "tourn"]
[EventRounds "9"]
[EventCountry "USA"]
[SourceTitle "EXT 1998"]
[Source "ChessBase"]
[SourceDate "1997.11.17"]
[SourceVersion "1"]
[SourceVersionDate "1997.11.17"]
[SourceQuality "1"]

1. d4 e6 2. c4 f5 3. g3 Nf6 4. Bg2 d5 5. Nh3 c6 6. 0-0 Bd6 7. Bf4 0-0 8. Nd2 b6 9. Rc1 Ne4 10. Nf3 Nd7 11. Bxd6 Nxd6 12. Nf4 Nf6 13. Ne5 Bd7 14. b4 g5 15. Nfd3 Rc8 16. c5 bxc5 17. Nxc5 1-0

[Event "USA-ch (Women)"]
[Site "USA"]
[Date "1994.??.??"]
[Round "8"]
[White "Tverskaya, Julia"]
[Black "Sagalchik, Olga"]
[Result "1/2-1/2"]
[WhiteElo "2125"]
[BlackElo "2155"]
[PlyCount "113"]
[EventDate "1994.??.??"]
[EventType "tourn"]
[EventRounds "9"]
[EventCountry "USA"]
[SourceTitle "EXT 1998"]
[Source "ChessBase"]
[SourceDate "1997.11.17"]
[SourceVersion "1"]
[SourceVersionDate "1997.11.17"]
[SourceQuality "1"]

1. e4 c5 2. Nf3 d6 3. d4 cxd4 4. Nxd4 Nf6 5. Nc3 a6 6. Be2 e6 7. Be3 Be7 8. 0-0 0-0 9. a4 Qc7 10. f4 b6 11. Bf3 Bb7 12. Qe1 Nbd7 13. Qg3 Nc5 14. f5 e5 15. Nb3 Kh8 16. Nxc5 dxc5 17. Qf2 Bc6 18. a5 Rfe8 19. b3 b5 20. Bxc5 b4 21. Bxe7 Qxe7 22. Qb6 Qa7 23. Na2 Qxb6+ 24. axb6 a5 25. c4 Nd7 26. Rfd1 Nc5 27. Nc1 g6 28. fxg6 hxg6 29. Rd6 Re6 30. Rxe6 fxe6 31. Kf2 Ra6 32. Ke3 Kg7 33. Ra2 Kf6 34. h4 a4 35. bxa4 b3 36. Rb2 Rxb6 37. a5 Rb4 38. Nd3 Rxc4 39. Nxc5 Rxc5 40. Rxb3 Rxa5 41. Rb6 Rc5 42. Rb3 Rc1 43. Rb8 Rc3+ 44. Kf2 Rc2+ 45. Kg3 Rd2 46. Rc8 Rc2 47. Rf8+ Ke7 48. Rg8 Kf7 49. Rb8 Rc4 50. Rc8 Rc2 51. Rc7+ Kf6 52. Rc8 Bxe4 53. Rf8+ Kg7 54. Bxe4 Rc4 55. Bd3 Rd4 56. Rf3 e4 57. Bxe4 1/2-1/2